Modern equity / (Record no. 106)
[ view plain ]
| 000 -LEADER | |
|---|---|
| fixed length control field | 01079cam a2200325 4500 |
| 001 - CONTROL NUMBER | |
| control field | 4606264 |
| 003 - CONTROL NUMBER IDENTIFIER | |
| control field | OSt |
| 005 - DATE AND TIME OF LATEST TRANSACTION | |
| control field | 20110722120155.0 |
| 008 - FIXED-LENGTH DATA ELEMENTS--GENERAL INFORMATION | |
| fixed length control field | 700526s1969 enk 001 0 eng |
| 010 ## - LIBRARY OF CONGRESS CONTROL NUMBER | |
| LC control number | 76464272 |
| 015 ## - NATIONAL BIBLIOGRAPHY NUMBER | |
| National bibliography number | B70-01182 |
| 020 ## - INTERNATIONAL STANDARD BOOK NUMBER | |
| International Standard Book Number | 0420427805 |
| 040 ## - CATALOGING SOURCE | |
| Original cataloging agency | DLC |
| Transcribing agency | DLC |
| Modifying agency | DLC |
| 050 00 - LIBRARY OF CONGRESS CALL NUMBER | |
| Classification number | KD674 |
| Item number | .H3 1969 |
| 082 00 - DEWEY DECIMAL CLASSIFICATION NUMBER | |
| Classification number | 347.80942 |
| 100 1# - MAIN ENTRY--PERSONAL NAME | |
| Personal name | Maudsley, Ronald Harling. |
| 9 (RLIN) | 282 |
| 245 10 - TITLE STATEMENT | |
| Title | Modern equity / |
| Statement of responsibility, etc | Harold Greville Hanbury . _ |
| 250 ## - EDITION STATEMENT | |
| Edition statement | 9th ed. _ |
| Remainder of edition statement | Ronald Harling Maudsley. |
| 260 ## - PUBLICATION, DISTRIBUTION, ETC. (IMPRINT) | |
| Place of publication, distribution, etc | London: |
| Name of publisher, distributor, etc | Stevens & sons, |
| Date of publication, distribution, etc | 1969. |
| 300 ## - PHYSICAL DESCRIPTION | |
| Extent | xcvi, 738 p. : |
| Dimensions | 26 cm. |
| 350 ## - PRICE (NR) (BK AM CF MU VM SE) [OBSOLETE] | |
| Price | 6/- |
| 500 ## - GENERAL NOTE | |
| General note | 1st-8th eds. by Harold Greville Hanbury. |
| 504 ## - BIBLIOGRAPHY, ETC. NOTE | |
| Bibliography, etc | Index: p. : 711-738 |
| 650 #0 - SUBJECT ADDED ENTRY--TOPICAL TERM | |
| Topical term or geographic name as entry element | Equity |
| Geographic subdivision | Great Britain. |
| 9 (RLIN) | 283 |
| 700 1# - ADDED ENTRY--PERSONAL NAME | |
| Personal name | Hanbury, Harold Greville, |
| Dates associated with a name | 1898- |
| Title of a work | Modern equity. |
| 9 (RLIN) | 284 |
| 906 ## - LOCAL DATA ELEMENT F, LDF (RLIN) | |
| a | 7 |
| b | cbc |
| c | orignew |
| d | u |
| e | ncip |
| f | 19 |
| g | y-gencatlg |
| 942 ## - ADDED ENTRY ELEMENTS (KOHA) | |
| Source of classification or shelving scheme | Dewey Decimal Classification |
| Koha item type | Books |
| Withdrawn status | Lost status | Source of classification or shelving scheme | Damaged status | Not for loan | Home library | Current library | Shelving location | Date acquired | Total Checkouts | Full call number | Barcode | Date last seen | Price effective from | Koha item type | Public note |
|---|---|---|---|---|---|---|---|---|---|---|---|---|---|---|---|
| Dewey Decimal Classification | Law Development Centre Main Library | Law Development Centre Main Library | Text Books and Laws | 04/08/2011 | 347.80942 HAN | 2011/2613 | 04/08/2011 | 04/08/2011 | Books | ||||||
| Law Development Centre Main Library | Law Development Centre Main Library | Text Books and Laws | 10/16/2013 | 347.80942 | 8027/2013 | 10/16/2013 | 10/16/2013 | Books | reserve |
